000
003040000a22001450004500
003
MACL
040
_a
MACL
090
_c
33816
_d
33814
100
_a
Biow, Lisa
245
_a
Computers Second Edition
260
_b
Techmedia
_c
2002
350
_a
99
650
_a
Computer science
942
_c
BOOK
_k
004/Bio
999
_c
33461
_d
33461